000 00737nam a22002297a 4500
005 20160202053607.0
008 120426s2012 cau e b 000 0 eng
020 _a9780071788687 (pbk.)
020 _a0071788689 (pbk.)
020 _a9780071788694 (ebook)
020 _a0071788697 (ebook)
024 0 _ceng
080 _a658.8
100 1 _aSchiffman, Stephan.
245 1 0 _aMake the sale happen before lunch :
_cStephan Schiffman.
250 _a1 st.ed.:
260 _aNew York :
_bMcGraw-Hill,
_c2012.
300 _a211 f. ;
_c23 cm.
650 0 _aMenaxhimi Industrial
700 1 _aSchiffman, Stephan.
_tMake it happen before lunch.
942 _2udc
_cBK
999 _c496
_d496